La Construcción de la democracia /
Uloženo v:
| Hlavní autor: | |
|---|---|
| Další autoři: | |
| Médium: | Text |
| Témata: | |
| Tagy: |
Přidat tag
Žádné tagy, Buďte první, kdo vytvoří štítek k tomuto záznamu!
|
MARC
| LEADER | 00000 a a2200000 04500 | ||
|---|---|---|---|
| 001 | 16523 | ||
| 003 | |||
| 040 | |||
| 100 | |a Bolívar Meza, Rosinaldo | ||
| 245 | |a La Construcción de la democracia / |c Rosinaldo Bolívar Meza ; reseña por José Wolderberg | ||
| 500 | |a Datos de edición: México, Plaza & Janés, 2002. 383 p | ||
| 650 | |a RESEÑAS BIBLIOGRAFICAS | ||
| 650 | |a DEMOCRACIA | ||
| 650 | |a SISTEMAS ELECTORALES | ||
| 650 | |a PARTIDOS POLITICOS | ||
| 700 | |a Wolderberg, José |e reseñador | ||
| 773 | |g volumen 66, número 1; páginas 193-196 | ||
| 999 | |c 37349 |d 37349 | ||
